Cricket: Test Bowlers to End Calendar Year at No.1 - Statistics

General Stats
  • This quiz has been taken 24 times
    12 since last reset
  • The average score is 48 of 73
Answer Stats
Year Country Answer % Correct
2014 SA Dale Steyn
100%
2012 SA Dale Steyn
100%
2011 SA Dale Steyn
100%
2010 SA Dale Steyn
100%
2009 SA Dale Steyn
100%
2004 AUS Glenn McGrath
100%
2002 AUS Glenn McGrath
100%
2001 AUS Glenn McGrath
100%
1997 AUS Glenn McGrath
100%
1996 AUS Glenn McGrath
100%
2017 ENG James Anderson
100%
2008 SL Muttiah Muralitharan
100%
2007 SL Muttiah Muralitharan
100%
2006 SL Muttiah Muralitharan
100%
2003 SL Muttiah Muralitharan
100%
2016 IND Ravichandran Ashwin
100%
2015 IND Ravichandran Ashwin
100%
1981 AUS Dennis Lillee
91%
1977 AUS Dennis Lillee
91%
1975 AUS Dennis Lillee
91%
1990 WI Malcolm Marshall
91%
1989 WI Malcolm Marshall
91%
1984 WI Malcolm Marshall
91%
2022 AUS Pat Cummins
91%
2021 AUS Pat Cummins
91%
2020 AUS Pat Cummins
91%
2019 AUS Pat Cummins
91%
2005 AUS Shane Warne
91%
1995 AUS Shane Warne
91%
1994 AUS Shane Warne
91%
2000 SA Shaun Pollock
91%
1999 SA Shaun Pollock
91%
1992 WI Sir Curtly Ambrose
91%
1991 WI Sir Curtly Ambrose
91%
1988 NZ Sir Richard Hadlee
91%
1987 NZ Sir Richard Hadlee
91%
1986 NZ Sir Richard Hadlee
91%
1985 NZ Sir Richard Hadlee
91%
1998 SA Allan Donald
82%
1983 PAK Imran Khan
82%
1982 PAK Imran Khan
82%
1980 ENG Lord Ian Botham
82%
1979 ENG Lord Ian Botham
82%
1993 PAK Waqar Younis
82%
2018 SA Kagiso Rabada
73%
1976 WI Sir Andy Roberts
73%
2013 SA Vernon Philander
64%
1978 ENG Bob Willis
55%
1963 ENG Fred Trueman
45%
1974 ENG Derek Underwood
36%
1972 ENG Derek Underwood
36%
1971 ENG Derek Underwood
36%
1970 ENG Derek Underwood
36%
1969 ENG Derek Underwood
36%
1962 WI Sir Wes Hall
36%
1956 ENG Jim Laker
27%
1968 WI Lance Gibbs
18%
1967 WI Lance Gibbs
18%
1966 WI Lance Gibbs
18%
1965 WI Lance Gibbs
18%
1964 WI Lance Gibbs
18%
1953 ENG Sir Alec Bedser
18%
1961 AUS Alan Davidson
9%
1960 AUS Alan Davidson
9%
1959 PAK Fazal Mahmood
9%
1954 AUS Ray Lindwall
9%
1952 AUS Bill Johnston
0%
1951 AUS Bill Johnston
0%
1950 AUS Bill Johnston
0%
1973 ENG Geoff Arnold
0%
1957 SA Hugh Tayfield
0%
1955 SA Hugh Tayfield
0%
1958 ENG Tony Lock
0%
No matching quizzes found
Score Distribution
Percent of People with Each Score
Percentile by Number Answered
Your Score History
You have not taken this quiz since the last reset